Introduction to Business (Record no. 33499)
[ view plain ]
| 000 -LEADER | |
|---|---|
| fixed length control field | 00416nam a22001697a 4500 |
| 005 - DATE AND TIME OF LATEST TRANSACTION | |
| control field | 20230920115026.0 |
| 008 - FIXED-LENGTH DATA ELEMENTS--GENERAL INFORMATION | |
| fixed length control field | 230911b |||||||| |||| 00| 0 eng d |
| 082 ## - DEWEY DECIMAL CLASSIFICATION NUMBER | |
| Classification number | 650 |
| Item number | NAS-B |
| 100 ## - MAIN ENTRY--AUTHOR | |
| Author Name | Saeed Nasir |
| 245 ## - TITLE STATEMENT | |
| Title | Introduction to Business |
| 260 ## - PUBLICATION, DISTRIBUTION, ETC. | |
| Place of Publication | Pakistan |
| Date of publication, distribution, etc. | 2012 |
| Name of publisher, distributor, etc. | Imtiaz Book Depot |
| 300 ## - PHYSICAL DESCRIPTION | |
| Pages | 288 |
| 500 ## - GENERAL NOTE | |
| General note | Include Index |
| 650 ## - SUBJECT ADDED ENTRY--TOPICAL TERM | |
| Subject / Department | Management/Business |
| 700 ## - ADDED ENTRY--PERSONAL NAME | |
| Personal name | Saeed Nasir |
| 952 ## - LOCATION AND ITEM INFORMATION (KOHA) | |
| -- | 0 |
| -- | 0 |
| Lost status | Damaged status | Permanent Location | Current Location | Shelving Location | Date acquired | Full Call Number | Accession No./Barcode | Date last seen | item type |
|---|---|---|---|---|---|---|---|---|---|
| Superior Information Resource Center (SIRC) Superior University- Central Library | Superior Information Resource Center (SIRC) Superior University- Central Library | Management | 09/11/2023 | 650 NAS-B 2012 | 20392 | 09/11/2023 | BOOK |
